The affective outcome of task characteristics and the moderating role of work values : an empirical study /
Saved in:
| Main Author: | |
|---|---|
| Format: | Thesis Book |
| Language: | English |
| Published: |
1986.
|
| Subjects: | |
| Tags: |
Add Tag
No Tags, Be the first to tag this record!
|
| LEADER | 00964cam a2200277 4500 | ||
|---|---|---|---|
| 001 | u51438 | ||
| 003 | SIRSI | ||
| 008 | 870814s1986 si v 0 eng | ||
| 015 | |a X870080172 | ||
| 035 | |a AAF-5333 | ||
| 040 | |a UMM | ||
| 043 | |a as----- | ||
| 050 | 1 | |a HD4905 | |
| 090 | 0 | 0 | |a HD4905 |b Lim |
| 100 | 1 | 0 | |a Lim, Teik Hoe. |
| 245 | 1 | 4 | |a The affective outcome of task characteristics and the moderating role of work values : |b an empirical study / |c by Lim Teik Hoe. |
| 260 | |c 1986. | ||
| 300 | |a iv, 109 leaves ; |c 30 cm. | ||
| 502 | |a Dissertation (M.B.A.) -- National University of Singapore, 1986. | ||
| 504 | 0 | 0 | |a Bibliography: leaves 93-95. |
| 650 | 0 | |a Work ethic |z Asia, Southeastern |x Case studies. | |
| 650 | 0 | |a Work environment |z Asia, Southeastern |x Case studies. | |
| 650 | 0 | |a Job satisfaction |x Case studies. | |
| 948 | |a 16/03/1991 |b 28/10/2002 | ||
| 596 | |a 1 | ||
| 999 | |a HD4905 LIM |w LC |c 1 |i A010320002 |d 11/10/2001 |l STACKS |m P01UTAMA |n 9 |r Y |s Y |t TESIS |u 24/10/1991 | ||
